| 000 | 00730cam a2200265 a 4500 | ||
|---|---|---|---|
| 008 | |||
| 020 | _a090327423X | ||
| 020 | _a0903274213 (set) | ||
| 049 | _aMAIN | ||
| 090 |
_aREF DT18 _bAFR |
||
| 245 | 0 | 0 |
_aAfrica who's who / _cedited by Raph Uwechue |
| 250 | _a3rd ed. | ||
| 260 |
_aLondon : _bAfrica Books, _c1996. |
||
| 300 |
_axi, 1507 p. ; _c29 cm. |
||
| 440 | 0 | _aKnow Africa | |
| 500 | _aPrevious ed.: 1991. | ||
| 650 | 4 |
_aAfrica _vBiography _vDictionaries. |
|
| 650 | 0 |
_aAfrica _vBiography _vDirectories. |
|
| 700 | _aUwechue, Raph | ||
| 907 |
_a.b10075495 _b01-04-22 _c17-04-03 |
||
| 003 | |||
| 005 | 20230123134135.0 | ||
| 040 | _cNUST | ||
| 942 |
_cBOOKS _kREF DT18 _mAFR |
||
| 999 |
_c160754 _d160754 |
||